|
|
|
|
| LEADER |
00993nam a2200217 a 4500 |
| 001 |
GR-Patra13800 |
| 008 |
001024s gr g 000 b gre d |
| 040 |
|
|
|a GrPaTEI
|b gre
|c GR-PaULI
|
| 040 |
|
|
|a GrPaTEI
|b gre
|c GR-PaULI
|
| 082 |
|
0 |
|a 621.82
|2 21
|
| 100 |
1 |
|
|a ΓΡΑΙΚΟΥΣΗ, Ρ.
|
| 245 |
1 |
0 |
|a Στοιχεία μηχανών /
|c Ρ. Γραικούση
|n 3/ .
|p Κινήσεις: Π'Αλυσοκίνηση, Ρ'Ιμαντοκίνηση.
|
| 260 |
|
|
|a Θεσσαλονίκη :
|b εκδόσεις Γιαχούδη-Γιαπουλή,
|c [199-]
|
| 300 |
|
|
|a (169)σ. :
|b σχημ.
|
| 650 |
|
4 |
|a ΜΗΧΑΝΕΣ, ΣΤΟΙΧΕΙΑ ΤΩΝ
|
| 650 |
|
4 |
|a ΜΗΧΑΝΙΚΗ
|
| 710 |
0 |
|
|a Γιαχούδης-Γιαπουλής
|
| 942 |
|
|
|2 ddc
|
| 952 |
|
|
|0 0
|1 0
|2 ddc
|4 0
|6 621_820000000000000_ΓΡΑ
|7 0
|9 292828
|a LISK
|b LISK
|c BSC
|d 2021-01-17
|e 24
|f 2
|g 0.00
|l 0
|o 621.82 ΓΡΑ
|p 92410015794
|r 2021-01-17 00:00:00
|t 1
|w 2021-01-17
|y BK15
|x 20001024 0 1
|x GrPaTEI
|
| 971 |
|
|
|a .b26613153
|b 16-04-20
|c 23-09-16
|
| 999 |
|
|
|c 171154
|d 171154
|